000 00883pab a2200169 454500
008 180718b2002 xxu||||| |||| 00| 0 eng d
100 _aBanerjee, Sumanta
245 _aTwo elections - two sides of the coin
260 _c2002
300 _ap.4481-482.
362 _a2 Nov
520 _aThe resumption of the Indo-Pak dialogue appears to have been hinged on the conduct of `free and fair' elections in Pakistan as well as Jammu and Kashmir. Now, although the US has given both Vajpayee and Musharraf clean chits on that count, there appear to be no signs of new initiatives between the two countries. In fact in the post poll scenario, the influence of the hawks on their respective governments appear to be set to increase. - Reproduced.
650 _aIndia - Foreign relations - Pakistan
650 _aElections
773 _aEconomic and Political Weekly
909 _a54424
999 _c54424
_d54424